| 000 | 00449nam a2200157Ia 4500 | ||
|---|---|---|---|
| 008 | 230917s9999||||xx |||||||||||||| ||und|| | ||
| 020 | _cRS60 | ||
| 040 |
_e7308 _aMAIN |
||
| 041 | _aEnglish | ||
| 082 | _a350.1 S23A | ||
| 100 | _aSharma, B R | ||
| 245 | 0 | _aAdministrative stress: A study of middle level government executives in India | |
| 260 |
_aNew Delhi _bIndian Institute of Public Administration _c1986 |
||
| 300 | _aix, 78 p. | ||
| 942 | _cBK | ||
| 999 |
_c61547 _d61547 |
||